<?xml version="1.0" encoding="UTF-8"?>
<resp>
  <nextPage>https://data.bn.org.pl/api/networks/bibs.marcxml?marc=001+b00001150002307&amp;sinceId=1150002308</nextPage>
  <collection>
    <record xmlns='http://www.loc.gov/MARC21/slim'><leader>01141namZa2200313ZiZ4500</leader><controlfield tag='001'>b00001150002307</controlfield><controlfield tag='005'>20260401103516.0</controlfield><controlfield tag='008'>230609s        pl           |000 0 pol c</controlfield><controlfield tag='009'>9913262014305606</controlfield><datafield ind1=' ' ind2=' ' tag='035'><subfield code='a'>KR_1KR_1_20120317225609016482-48omnis_kr</subfield></datafield><datafield ind1=' ' ind2=' ' tag='035'><subfield code='a'>KR_1_20120317225609016482</subfield><subfield code='9'>ExL</subfield></datafield><datafield ind1=' ' ind2=' ' tag='035'><subfield code='a'>(PL)b00001150002307</subfield></datafield><datafield ind1=' ' ind2=' ' tag='040'><subfield code='a'>KR_1</subfield><subfield code='c'>KR_1</subfield></datafield><datafield ind1='0' ind2=' ' tag='041'><subfield code='a'>pol</subfield></datafield><datafield ind1='0' ind2='0' tag='245'><subfield code='a'>Pierwsza oczyszczalnia ścieków w gminie Urzędów /</subfield><subfield code='c'>[red. Ignacy Wośko ; fot. Lech Dudziński].</subfield></datafield><datafield ind1=' ' ind2=' ' tag='260'><subfield code='a'>Urzędów :</subfield><subfield code='b'>Towarzystwo Ziemi Urzędowskiej,</subfield><subfield code='c'>1996.</subfield></datafield><datafield ind1=' ' ind2=' ' tag='300'><subfield code='a'>38 s. :</subfield><subfield code='b'>faks., fot., rys. ;</subfield><subfield code='c'>21 cm.</subfield></datafield><datafield ind1='1' ind2=' ' tag='490'><subfield code='a'>Ochrona Środowiska i Zdrowia Człowieka ;</subfield><subfield code='v'>z. 5</subfield></datafield><datafield ind1=' ' ind2=' ' tag='500'><subfield code='a'>n</subfield></datafield><datafield ind1=' ' ind2='9' tag='650'><subfield code='a'>Oczyszczalnia ścieków</subfield><subfield code='y'>od 1989 r.</subfield><subfield code='z'>Polska</subfield></datafield><datafield ind1=' ' ind2='9' tag='650'><subfield code='a'>Urzędów (woj. lubelskie ; okręg)</subfield><subfield code='x'>higiena</subfield><subfield code='y'>od 1989 r.</subfield></datafield><datafield ind1='1' ind2=' ' tag='700'><subfield code='a'>Wośko, Ignacy</subfield><subfield code='e'>Red.</subfield></datafield><datafield ind1='1' ind2=' ' tag='700'><subfield code='a'>Dudziński, Lech.</subfield><subfield code='e'>Il.</subfield></datafield><datafield ind1=' ' ind2=' ' tag='852'><subfield code='b'>48OMNIS_NETWORK</subfield><subfield code='8'>9913262014305606</subfield></datafield><datafield ind1=' ' ind2=' ' tag='852'><subfield code='b'>48OMNIS_MPL</subfield><subfield code='8'>991002648280605069</subfield></datafield><datafield ind1=' ' ind2=' ' tag='852'><subfield code='8'>2267404330005069</subfield><subfield code='j'>1</subfield><subfield code='h'>10912 EO</subfield><subfield code='b'>LUBL_M</subfield><subfield code='p'>1000151239</subfield><subfield code='c'>10003</subfield></datafield></record>
  </collection>
</resp>
